Estadísticas para Provincias de España "tenemos playa"

Haz click aquí para intentar la prueba.

Estadísticas generales

  • Esta prueba ha sido intentada 454 veces
  • La puntuación promedio es 16 de 22

Respuestas en el mapa

Las respuestas están codificadas por una escala verde-roja en el mapa de la prueba según el % correcto abajo.
 

Estadísticas de respuestas

Provincia% Correcto
Barcelona
91%
La Coruña
86%
Valencia
84%
Alicante
82%
Gerona
82%
Murcia
82%
Asturias
81%
Lugo
80%
Málaga
80%
Castellón
79%
Tarragona
79%
Cádiz
78%
Almería
77%
Cantabria
77%
Granada
73%
Pontevedra
72%
Huelva
70%
Islas Baleares
65%
Guipúzcoa
54%
Las Palmas
50%
Vizcaya
50%
Santa Cruz de Tenerife
48%

Distribución de puntuación

Porcentaje por número respondido

Porcentaje de gente con cada puntuación

Historial de tus puntuaciones

No has intentado esta prueba.